Introduction to the Buddhist tantric systems translated by F D Lessing and Alex Wayman (Record no. 275713)

MARC details
000 -LEADER
fixed length control field 00846nam a2200289Ia 4500
003 - CONTROL NUMBER IDENTIFIER
control field OSt
005 - DATE AND TIME OF LATEST TRANSACTION
control field 20220918222506.0
008 - FIXED-LENGTH DATA ELEMENTS--GENERAL INFORMATION
fixed length control field 220917b |||||||| |||| 00| 0 eng d
037 ## - SOURCE OF ACQUISITION
Terms of availability Textual
040 ## - CATALOGING SOURCE
Original cataloging agency ARTS
Transcribing agency ARTS
Language of cataloging eng
041 ## - LANGUAGE CODE
Source of code eng
Language code of text/sound track or separate title eng
100 ## - MAIN ENTRY--PERSONAL NAME
Personal name Lessing F D Tr.
9 (RLIN) 143328
245 #0 - TITLE STATEMENT
Title Introduction to the Buddhist tantric systems translated by F D Lessing and Alex Wayman
250 ## - EDITION STATEMENT
Edition statement 2nd
260 ## - PUBLICATION, DISTRIBUTION, ETC.
Place of publication, distribution, etc. Delhi
Name of publisher, distributor, etc. Motilal Banarsidass Publishers India
Date of publication, distribution, etc. 1998
300 ## - PHYSICAL DESCRIPTION
Extent 382p.
Dimensions cm.
490 ## - SERIES STATEMENT
Series statement Buddhist tradition series
500 ## - GENERAL NOTE
General note Rep. of 1978
650 ## - SUBJECT ADDED ENTRY--TOPICAL TERM
Topical term or geographic name entry element RELIGION
700 ## - ADDED ENTRY--PERSONAL NAME
Personal name Wayman Alex Tr.
9 (RLIN) 141850
942 ## - ADDED ENTRY ELEMENTS (KOHA)
Classification part Q4:23, N8
Koha item type Textual
Source of classification or shelving scheme Colon Classification (CC)
Holdings
Withdrawn status Lost status Damaged status Not for loan Home library Current library Date acquired Total Checkouts Full call number Barcode Date last seen Price effective from Koha item type
        Arts Library Arts Library 2022-09-18   Q4:23 N8 AL1270466 2022-09-18 2022-09-18 Textual
Copyright @ Delhi University Library System